000 00703nam a2200217Ia 4500
003 GCL
008 140319s9999 xx 000 0 ara d
040 _aGCL /
_cGCL
082 0 4 _aق
_b923.1
_bخ و
100 1 _aخالد محيى الدين
245 1 0 _aوالان اتكلم /
_cخالد محيى الدين
250 _aالاولى
260 _aالقاهرة :
_bمركز الاهرام للترجمة والنشر ،
_c1992
300 _a351 ص ؛
_c22 سم
490 _a
650 0 4 _aثورة 23 يوليو 1952
650 0 4 _aالاخوان المسلمون
650 0 4 _aجمال عبدالناصر
650 0 4 _aمصر - تاريخ - العصر الحديث
942 _2ddc
_cBK
999 _c54642
_d54642